Training and development: (Record no. 158960)

MARC details
000 -LEADER
fixed length control field 00518nam a22001817a 4500
005 - DATE AND TIME OF LATEST TRANSACTION
control field 20181124132553.0
010 ## - LCCN (DPL NO)
LC control number B-227330
020 ## - INTERNATIONAL STANDARD BOOK NUMBER
International Standard Book Number 9788180520983
Terms of availability 195.00
035 ## - SYSTEM CONTROL NUMBER
System control number B-227330
037 ## - SOURCE OF ACQUISITION
Source of stock number/acquisition Ane Books
082 ## - DEWEY DECIMAL CLASSIFICATION NUMBER
Classification number 658.3124
100 ## - MAIN ENTRY--PERSONAL NAME
Personal name Deb, Tapomy
245 ## - TITLE STATEMENT
Title Training and development:
Remainder of title concept and application/
Statement of responsibility, etc Tapomoy Deb
260 ## - PUBLICATION, DISTRIBUTION, ETC. (IMPRINT)
Place of publication, distribution, etc New Delhi
Name of publisher, distributor, etc Ane Books
Date of publication, distribution, etc 2006
300 ## - PHYSICAL DESCRIPTION
Extent 241p.
Dimensions 23 cm(Pbk)
942 ## - ADDED ENTRY ELEMENTS (KOHA)
Source of classification or shelving scheme Dewey Decimal Classification
Item type English Books
Classification part 658.3124
Call number suffix DEB
Holdings
Withdrawn status Lost status Not for loan Collection code Home library Current library Date acquired Full call number Barcode Koha item type
      Non-fiction Sarojini Nagar Sarojini Nagar 24/11/2018 658.3124 DEB B-227330 English Books

© Delhi Public Library
Hit Counter
free hit counter